000 00691nam a2200265 a 4500
005 20140310183324.0
008 060714s19uu xx 00 eng d
020 _a9812590994
050 _aRC 119
_b.M3 2004
100 _aMarkell, Edward K.
245 _aMarkell and Voge's medical parasitology/.
_cEdward K. Markell.
250 _a8th ed.
260 _aSingapore :
_bElsevier PTE LTD,
_c2004.
300 _a501 p. :
_c25 cm.
521 _aNUR
650 _aParasites.
650 _aParasitic Diseases.
700 _aJohn, David T.
700 _aKrotoski, Wojciech A.
942 _cBK
_2lcc
_kFOR
999 _c21468
_d21468